|
|
|
|
| LEADER |
01127nam a2200229 i 4500 |
| 003 |
GR-PaULI |
| 005 |
20220207142916.0 |
| 008 |
220207t2015 gr a|||f |||| 001 0 gre d |
| 952 |
|
|
|0 0
|1 0
|2 ddc
|4 0
|6 304_609000000000000_495_ΚΟΣ
|7 0
|9 355749
|a ARCH
|b ARCH
|c BSC
|d 2022-02-07
|i 013890
|l 0
|o 304.609 495 ΚΟΣ
|p 025000215688
|r 2022-02-07 00:00:00
|t 1
|w 2022-02-07
|y BK15
|
| 999 |
|
|
|c 208466
|d 208466
|
| 020 |
|
|
|a 9789609439350
|
| 040 |
|
|
|a GR-PaULI
|b gre
|c GR-PaULI
|e AACR2
|
| 082 |
0 |
4 |
|2 304.609 495
|a 23
|
| 245 |
0 |
2 |
|a Ο κόσμος που κερδίσαμε :
|b πληθυσμιακή γεωγραφία της σύγχρονης Ελλάδας /
|c επιμέλεια: Βασίλειος Σ. Γαβαλάς.
|
| 250 |
|
|
|a 2η έκδ.
|
| 260 |
|
|
|a Βόλος :
|b Πανεπιστημιακές Εκδόσεις Θεσσαλίας,
|c 2015.
|
| 300 |
|
|
|a 232 σ. :
|b εικ. ;
|c 24 εκ.
|
| 504 |
|
|
|a Περιλαμβάνει βιβλιογραφία.
|
| 650 |
|
4 |
|9 16755
|a Δημογραφία
|z Ελλάδα.
|
| 700 |
1 |
|
|9 190008
|a Γαβαλάς, Βασίλειος Σ.
|e επιμελητής.
|
| 942 |
|
|
|2 ddc
|c BK15
|
| 998 |
|
|
|c ΒΑΣΙΛΕΙΟΥ
|d 2022-02
|